[Event "Volmac tournament, open section"]
[Site "Antwerp"]
[Date "1993.08.15"]
[Round "9"]
[White "Savchenko, Stanislav"]
[Black "Lputian, Smbat Gariginovich"]
[Result "1/2-1/2"]
[WhiteElo "2530"]
[BlackElo "2565"]
[WhiteTitle "GM"]
[BlackTitle "GM"]
[Source "365chess.com"]

1. d4 d5 2. c4 e6 3. Nf3 c6 4. e3 Nd7 5. Bd3 Bd6 6. O-O f5 7. b3 Ngf6 8. Bb2
O-O 9. Qe2 b6 10. Ne5 Bb7 11. f4 Ne4 12. Nc3 Nxe5 13. fxe5 Nxc3 14. Bxc3 Be7
15. cxd5 cxd5 16. a4 a5 17. Qd2 Ba6 18. Rfc1 Qd7 19. Bxa6 Rxa6 20. Qd3 Raa8
21. Bd2 Rfc8 22. Rxc8+ Rxc8 23. Rc1 Rxc1+ 24. Bxc1 Qc6 25. Bd2 Kf7 26. Kf2 h5
27. Ke2 h4 28. Kd1 Bd8 1/2-1/2

[Event "Volmac tournament, open section"]
[Site "Antwerp"]
[Date "1993.08.15"]
[Round "9"]
[White "Tukmakov, Vladimir Borisovich"]
[Black "Reinderman, Dimitri"]
[Result "1-0"]
[WhiteElo "2600"]
[BlackElo "2435"]
[WhiteTitle "GM"]
[BlackTitle "FM"]
[Source "365chess.com"]

1. d4 Nf6 2. Nf3 d6 3. c4 g6 4. Nc3 Bg7 5. e4 O-O 6. Be2 e5 7. O-O Nc6 8. d5
Ne7 9. b4 Nh5 10. c5 h6 11. Nd2 Nf4 12. Nc4 f5 13. f3 g5 14. Ba3 Rf6 15. Rc1 Rg6
16. Nb5 g4 17. fxg4 fxe4 18. Ne3 c6 19. Nxd6 cxd5 20. Rxf4 exf4 21. Nxd5 Be5
22. Nxe7+ Qxe7 23. Qd5+ Kg7 24. Nxc8 Rxc8 25. Qxe4 Rd8 26. Rd1 f3 27. gxf3 Re6
28. Qc2 Rxd1+ 29. Bxd1 Bd4+ 30. Kg2 Re1 31. Qd2 Qe5 32. Bc1 Re3 33. Kf1 h5
34. gxh5 Kf8 35. h6 Qf6 36. Qg2 Re6 37. Bb3 Re8 38. Qg8+ Ke7 39. Bg5 Rxg8
40. Bxf6+ Kxf6 41. Bxg8 a5 42. bxa5 Bxc5 43. Bd5 1-0